1523 1406 1707 1539 1069 1431 1306 1090 1696 1343 1394 1152 1285 1490 1645 1224 1523 1264 1603 1539 1648 1337 1157 1185 1570 1464 1400 1795 1269 1814 1172 1082 1669 1925 1151 1945 1432 1753 1709 1444 1467 1241 1525 1552 1320 1709 1404 1189 1138 1345 1577 1089 1571 1599 1781 1558 1952 1114 1835 1271 1032 1649 1772 1510 1952 1200 1144 1537 1131 1995 1180 1158 1351 1608 1940 1342 1859 1410 1830 1541 1775 1309 1030 1636 1984 1072 1182 1294 1504 1721 1782 1417 1055 1271 1747 1666 1553 1442 1823 BCNSPRNW ULIB Ver.6.0+V

เปลี่ยนเป็นภาษาไทย

Change to English
 แสดงรายละเอียดบรรณานุกรม
  กลับหน้าหลัก

Brief Record : Get Marc (ISO 2709) : E-mail record : QR code < ปิดหน้าต่าง
LEADER : 00000nam 2200000uu 4500
001    13399121029
003     ULIB
008    020711s2550 th a 000 0 tha d
020    9789749986318
050  4 HF5734^bส182ส
100    สถาพร ดีบุญมี ณ ชุมแพ
245    สัมมนา-บันทึก-ศึกษาการออกแบบ /^cสถาพร ดีบุญมี ณ ชุมแพ
250    พิมพ์ครั้งที่ 1
260    กรุงเทพฯ :^bโอเดียนสโตร์,^c2550
300    96 หน้า
650    การออกแบบอุตสาหกรรม^xสัมนา
945    ^p75^l0^i15179
999    ^aทศพร เกษรทอง
รายการนี้ยังไม่มีแท็ก
คุณยังไม่ได้ล็อกอิน คุณสามารถมีกิจกรรมร่วมกับเว็บไซต์ได้ แต่ต้องล็อกอินก่อน ::
  ล็อกอิน

รายการสื่อสารสนเทศ

ลำดับที่ ประเภท เลขเรียก/บาร์โค้ด สถานที่ สถานะ
1. วิทยาศาสตร์การแพทย์ และสุขภาพ
วิทยาศาสตร์การแพทย์ และสุขภาพ
HF5734 ส182ส ฉ.1 
  Barcode: 15179
ห้องสมุดวิทยาเขตสวรรค์ประชารักษ์
►หนังสือทั่วไป
บนชั้น

รายการใกล้เคียง
    ผู้แต่ง [สถาพร ดีบุญมี ณ ชุมแพ]

BibComment


ยังไม่เคยถูกคอมเมนท์

คอมเมนท์ทรัพยากรรายการนี้
  คอมเมนท์: สัมมนาบันทึกศึกษา..


 Copyright 2026. Bcnsprnw @Library